000 01303nam a2200337 c 4500
003 BLK
005 20180730122250.0
008 180408b bul|||||r ||||||| ||bul||
010 _aKNG00070388000
040 _aBLK
041 _aBUL
_cBUL
080 _aБългарска литература
_b821.163.2
_x-31
_z821.163.2-31
100 1 _aВазов, Иван Минчов
_eпърви автор
_9363396
700 1 _aДинеков, Петър Николов
_eпредг. от
_9363799
700 1 _aМинчева, Галина
_eприл.
_9370625
139 _aВазов, Иван Минчов
_bВ 15
245 1 0 _aПод игото
_bРоман
_cИван Минчов Вазов; предг. от Петър Николов Динеков; прил. Галина Минчева.
250 _a14. изд.
257 _aBGR
260 София
_bБълг. писател
_c1986
_fВ. Търново : печ. Д. Найденов
300 _a479 с.
_c20 см
380 _aX
490 1 _aБиблиотека за ученика
500 _aВ кн. означено 13. изд. - Библиогр. с. 472-473.
504 _a472-473
852 _aЦб 143521
856 4 _qpdf
_u
856 4 _qpdf
_u
942 _cKNG
_n0
_03
944 _aCR
_c08.01.2007
_kГеновева_Генчева
944 _aED
_c05.05.2010
_k
999 _c66102
_d66102